000 00782nam a22002177a 4500
005 20130429160101.0
010 _aENG-106938
020 _a9780198080374
_c1100.00
020 _a0198080379
_c1100.00
035 _aEN-90471
037 _bDBAD/PUB
082 _a301.07209542
245 _aSociology at the University of Lucknow :
_cedited by T.N. Madan
_b the first half century (1921-1975)
260 _aNew Delhi
_bOxford University Press
_c2013
270 _aYMCA Library Building, 1 Jai Singh Road
_bNew Delhi
_e110001
300 _axiv,396p.
_c24cm(Hb)
490 _aOxford in India readings in sociology and social anthropology
500 _aIncludes bibliographical references and index
700 _aMadan, T.N.
942 _2ddc
_cEN
_h301.07209542
_mSOC
999 _c74936
_d74936